[Event "NATO-ch 23nd"]
[Site "Brest"]
[Date "2012.10.05"]
[Round "7"]
[White "Koopmeiners, Karl"]
[Black "Bieluszewski, Piotr"]
[Result "1-0"]
[WhiteElo "2015"]
[BlackElo "2107"]
[PlyCount "93"]
[EventDate "2012.10.01"]
[EventType "swiss"]
[EventRounds "7"]
[EventCountry "FRA"]
[SourceTitle "CBM 150 Extra"]
[Source "ChessBase"]
[SourceDate "2012.10.19"]
[SourceVersion "1"]
[SourceVersionDate "2012.10.19"]
[SourceQuality "1"]

1. d4 d5 2. c4 c6 3. Nf3 Nf6 4. e3 e6 5. Nc3 Nbd7 6. Bd3 dxc4 7. Bxc4 b5 8. Bd3 a6 9. e4 Bb7 10. e5 Nd5 11. Nxd5 cxd5 12. 0-0 Be7 13. Bd2 Nf8 14. Qb3 Bc6 15. Rfc1 Bd7 16. Rc2 Ng6 17. Rac1 Ra7 18. g3 0-0 19. Bb4 Re8 20. Bxe7 Nxe7 21. Rc5 Qa8 22. Qc2 g6 23. Qd2 Kg7 24. Qf4 Ng8 25. h4 Qd8 26. Kg2 Rf8 27. h5 Be8 28. Rh1 Qe7 29. Rcc1 h6 30. hxg6 fxg6 31. Qg4 Qf7 32. Rc2 h5 33. Ng5 Bd7 34. Nxf7 hxg4 35. Nd6 Nh6 36. Rhc1 Nf5 37. Rc7 Rfa8 38. Bxf5 gxf5 39. Nb7 f4 40. Rxd7+ Kg6 41. gxf4 Rh8 42. Rcc7 Raa8 43. Nc5 Rag8 44. Rf7 a5 45. Nxe6 a4 46. f5+ Kh6 47. Rf6+ 1-0

[Event "Polanica Zdroj op-B 48th"]
[Site "Polanica Zdroj"]
[Date "2012.08.26"]
[Round "9"]
[White "Siembab, Bartosz"]
[Black "Bieluszewski, Piotr"]
[Result "1-0"]
[WhiteElo "2276"]
[BlackElo "2104"]
[PlyCount "61"]
[EventDate "2012.08.18"]
[EventType "swiss"]
[EventRounds "9"]
[EventCountry "POL"]
[SourceTitle "EXT 2014"]
[Source "ChessBase"]
[SourceDate "2013.11.20"]
[SourceVersion "1"]
[SourceVersionDate "2013.11.20"]
[SourceQuality "1"]

1. e4 c5 2. Nf3 e6 3. d4 cxd4 4. Nxd4 a6 5. c4 Qc7 6. Nc3 Nf6 7. Be3 Nc6 8. Be2 Bd6 9. Qd2 Be5 10. Rd1 0-0 11. g3 d6 12. 0-0 Bd7 13. f4 Bxd4 14. Bxd4 Nxd4 15. Qxd4 Bc6 16. g4 Rad8 17. g5 e5 18. fxe5 dxe5 19. Qe3 Rxd1 20. Rxd1 Nd7 21. b4 Nb8 22. b5 axb5 23. cxb5 Bd7 24. Nd5 Qa5 25. Qc5 Nc6 26. Qd6 Qa7+ 27. Kg2 Rd8 28. Qc7 Qxa2 29. Nc3 Bh3+ 30. Kxh3 Qa8 31. bxc6 1-0

[Event "Polanica Zdroj op-B 48th"]
[Site "Polanica Zdroj"]
[Date "2012.08.20"]
[Round "3"]
[White "Orzechowski, Jacek"]
[Black "Bieluszewski, Piotr"]
[Result "1/2-1/2"]
[WhiteElo "2225"]
[BlackElo "2104"]
[PlyCount "26"]
[EventDate "2012.08.18"]
[EventType "swiss"]
[EventRounds "9"]
[EventCountry "POL"]
[SourceTitle "EXT 2014"]
[Source "ChessBase"]
[SourceDate "2013.11.20"]
[SourceVersion "1"]
[SourceVersionDate "2013.11.20"]
[SourceQuality "1"]

1. c4 e5 2. g3 Nc6 3. Nc3 Nf6 4. Nf3 d5 5. cxd5 Nxd5 6. Bg2 Nb6 7. 0-0 Be7 8. Rb1 a5 9. d3 0-0 10. Be3 Ra6 11. Rc1 f5 12. Nb5 Bf6 13. Nd2 Kh8 1/2-1/2

[Event "Polanica Zdroj op-B 48th"]
[Site "Polanica Zdroj"]
[Date "2012.08.19"]
[Round "2"]
[White "Bieluszewski, Piotr"]
[Black "Dzierzak, Radoslaw"]
[Result "1-0"]
[WhiteElo "2104"]
[BlackElo "1906"]
[PlyCount "123"]
[EventDate "2012.08.18"]
[EventType "swiss"]
[EventRounds "9"]
[EventCountry "POL"]
[SourceTitle "EXT 2014"]
[Source "ChessBase"]
[SourceDate "2013.11.20"]
[SourceVersion "1"]
[SourceVersionDate "2013.11.20"]
[SourceQuality "1"]

1. e4 d5 2. exd5 Qxd5 3. Nc3 Qa5 4. d4 Nf6 5. Nf3 c6 6. Ne5 Nbd7 7. Nc4 Qd8 8. a4 Nb6 9. Ne5 Bf5 10. Be2 e6 11. 0-0 Bd6 12. a5 Nbd5 13. Nxd5 Nxd5 14. c3 Qc7 15. a6 b6 16. Nf3 0-0 17. h3 h6 18. Bd3 Bxd3 19. Qxd3 c5 20. Re1 Rfd8 21. Qe2 Ne7 22. Be3 Nf5 23. Red1 Be7 24. Rd2 Rd7 25. Rad1 Rad8 26. Ne5 Rd5 27. Nf3 Bf6 28. dxc5 bxc5 29. Rxd5 exd5 30. Bc1 d4 31. cxd4 cxd4 32. Ne1 Qc6 33. Qg4 g6 34. Qe2 Re8 35. Qd3 Nh4 36. Nf3 Nxf3+ 37. gxf3 Qe6 38. Kg2 h5 39. b4 Rd8 40. Bd2 Rd6 41. Re1 Qc8 42. b5 Qc5 43. Rc1 Qd5 44. Rc8+ Kg7 45. Rc7 Rd7 46. Rc8 Bg5 47. Bb4 Bf4 48. Rc5 Qe6 49. Rc6 Qd5 50. Rc5 Qe6 51. Rc6 Qf5 52. Qxf5 gxf5 53. Rc4 Bg5 54. f4 Bxf4 55. Kf3 Bg5 56. Ke2 d3+ 57. Kd1 Kf6 58. Bc3+ Ke6 59. Rd4 Rd5 60. Rxd5 Kxd5 61. b6 Kc6 62. bxa7 1-0

[Event "SA-2011-0-00219"]
[Site "LSS email"]
[Date "2011.10.07"]
[Round "?"]
[White "Khlopov, Sergej"]
[Black "Bieluszewski, Piotr"]
[Result "1-0"]
[WhiteElo "2126"]
[BlackElo "1969"]
[PlyCount "59"]
[EventDate "2011.09.10"]
[EventType "tourn (corr)"]
[EventRounds "6"]
[EventCountry "GER"]
[SourceTitle "Telechess CBM 155"]
[Source "ChessBase"]
[SourceDate "2013.07.16"]
[SourceVersion "1"]
[SourceVersionDate "2013.07.16"]
[SourceQuality "1"]

1. e4 c5 2. Nf3 e6 3. d4 cxd4 4. Nxd4 a6 5. Nc3 Qc7 6. Bd3 b5 7. 0-0 Bb7 8. Qe2 Nc6 9. Nxc6 Bxc6 10. a4 b4 11. Nd5 Qb7 12. Bf4 Bxd5 13. exd5 Nf6 14. dxe6 fxe6 15. Be5 Be7 16. g4 g5 17. h3 0-0 18. f4 h6 19. fxg5 hxg5 20. Qe3 Nh7 21. Be4 d5 22. Bd3 Qc6 23. Bd4 Qd6 24. Kg2 a5 25. h4 Rxf1 26. Rxf1 Rf8 27. Bxh7+ Kxh7 28. Qd3+ Kh6 29. hxg5+ Kxg5 30. Rh1 1-0

[Event "SA-2011-0-00219"]
[Site "LSS email"]
[Date "2011.10.06"]
[Round "?"]
[White "Bieluszewski, Piotr"]
[Black "Latib, Yunus"]
[Result "0-1"]
[WhiteElo "1969"]
[BlackElo "1858"]
[PlyCount "66"]
[EventDate "2011.09.10"]
[EventType "tourn (corr)"]
[EventRounds "6"]
[EventCountry "GER"]
[SourceTitle "Telechess CBM 153"]
[Source "ChessBase"]
[SourceDate "2013.03.14"]
[SourceVersion "1"]
[SourceVersionDate "2013.03.14"]
[SourceQuality "1"]

1. e4 e5 2. Nf3 Nc6 3. Bb5 Nf6 4. d3 d6 5. h3 g6 6. c3 Bg7 7. Bg5 0-0 8. 0-0 Qe7 9. Re1 Nd8 10. d4 Ne6 11. Bh4 Nf4 12. Bf1 h6 13. dxe5 dxe5 14. Bxf6 Qxf6 15. Re3 Rd8 16. Qc2 Bf8 17. Nbd2 Bc5 18. Ree1 a5 19. Red1 Be6 20. b4 axb4 21. cxb4 Bxb4 22. Qxc7 Bxd2 23. Nxd2 Nxh3+ 24. gxh3 Qg5+ 25. Kh1 Rxd2 26. Rxd2 Qxd2 27. Qxe5 Qxf2 28. Bg2 Ra3 29. Rf1 Qc2 30. Qb8+ Kg7 31. Qxb7 Rg3 32. e5 Qxa2 33. Kg1 Bd5 0-1

[Event "SA-2011-0-00219"]
[Site "LSS email"]
[Date "2011.10.05"]
[Round "?"]
[White "Daurelle, Herve"]
[Black "Bieluszewski, Piotr"]
[Result "1-0"]
[WhiteElo "2288"]
[BlackElo "1969"]
[PlyCount "53"]
[EventDate "2011.09.10"]
[EventType "tourn (corr)"]
[EventRounds "6"]
[EventCountry "GER"]
[SourceTitle "Telechess CBM 155"]
[Source "ChessBase"]
[SourceDate "2013.07.16"]
[SourceVersion "1"]
[SourceVersionDate "2013.07.16"]
[SourceQuality "1"]

1. d4 d5 2. c4 c6 3. Nf3 Nf6 4. Nc3 e6 5. Bg5 Nbd7 6. e3 Qa5 7. cxd5 Nxd5 8. Qd2 Bb4 9. Rc1 0-0 10. Bd3 Nxc3 11. bxc3 Ba3 12. Rd1 f6 13. Bf4 Be7 14. 0-0 Qh5 15. a4 e5 16. Bg3 Re8 17. Qa2+ Kh8 18. a5 Bf8 19. Bc4 g6 20. h3 Bg7 21. Be2 Qh6 22. Qf7 Rf8 23. Qe7 b6 24. dxe5 Nxe5 25. Nxe5 fxe5 26. Rd8 Bf5 27. Qxf8+ 1-0

[Event "CP-2011-P-00053"]
[Site "LSS email"]
[Date "2011.09.30"]
[Round "?"]
[White "Basson, Heinrich"]
[Black "Bieluszewski, Piotr"]
[Result "1-0"]
[WhiteElo "1473"]
[BlackElo "1969"]
[PlyCount "51"]
[EventDate "2011.10.01"]
[EventType "tourn (corr)"]
[EventRounds "6"]
[EventCountry "GER"]
[SourceTitle "Telechess CBM 153"]
[Source "ChessBase"]
[SourceDate "2013.03.14"]
[SourceVersion "1"]
[SourceVersionDate "2013.03.14"]
[SourceQuality "1"]

1. d4 d5 2. c4 c6 3. Nc3 Nf6 4. Nf3 e6 5. Bg5 Nbd7 6. e3 Qa5 7. Be2 Bb4 8. 0-0 Ne4 9. Nxe4 dxe4 10. Ne5 Nxe5 11. dxe5 h6 12. Bh4 g5 13. Bg3 Bf8 14. Bh5 Rh7 15. Qc2 Bd7 16. a3 Rg7 17. b4 Qc7 18. Qxe4 0-0-0 19. Qf3 Be7 20. Rfd1 c5 21. b5 Kb8 22. a4 Bc8 23. a5 Rxd1+ 24. Rxd1 Qxa5 25. Qf6 Bf8 26. Bxf7 1-0

[Event "NATO-ch 22nd"]
[Site "Kaunas"]
[Date "2011.08.12"]
[Round "7"]
[White "Mestek, Igor"]
[Black "Bieluszewski, Piotr"]
[Result "1-0"]
[WhiteElo "2195"]
[BlackElo "2120"]
[PlyCount "113"]
[EventDate "2011.08.08"]
[EventType "swiss"]
[EventRounds "7"]
[EventCountry "LTU"]
[SourceTitle "CBM 143 Extra"]
[Source "ChessBase"]
[SourceDate "2011.08.29"]
[SourceVersion "1"]
[SourceVersionDate "2011.08.29"]
[SourceQuality "1"]

1. e4 c5 2. Nf3 d6 3. d4 cxd4 4. Nxd4 Nf6 5. Nc3 a6 6. Bc4 e6 7. 0-0 Qc7 8. Bb3 Nbd7 9. Bxe6 fxe6 10. Nxe6 Qa5 11. Nd5 Nxd5 12. exd5 Nf6 13. Bd2 Qb6 14. Be3 Qxb2 15. Nc7+ Kf7 16. Nxa8 Be7 17. Nb6 Bf5 18. Bd4 Qb5 19. c4 Qa5 20. Qe1 Qxe1 21. Rfxe1 Bd8 22. f3 h5 23. g3 Bc7 24. Re3 Bxb6 25. Bxb6 Rc8 26. Bd4 Rxc4 27. Bxf6 Kxf6 28. Kf2 Rd4 29. Rc1 Rxd5 30. Rc7 b5 31. Ra3 Bd3 32. Rxa6 Bc4 33. h4 g6 34. a4 Kf5 35. axb5 Bxb5 36. Ra5 Re5 37. Rb7 Bd3 38. Rxe5+ Kxe5 39. Ke3 Bf5 40. Rb4 Bc2 41. g4 hxg4 42. fxg4 d5 43. Rb5 Bd1 44. Rb4 Bc2 45. Rd4 Bb1 46. Rd1 Be4 47. Rd2 Bb1 48. h5 gxh5 49. gxh5 Be4 50. Rd1 Kf6 51. Rg1 Kf7 52. Kf4 Bc2 53. Ke5 Be4 54. Rg3 Kf8 55. h6 Kf7 56. Rg7+ Kf8 57. Kf6 1-0

[Event "OP-2011-0-01698"]
[Site "LSS email"]
[Date "2011.08.02"]
[Round "?"]
[White "Bieluszewski, Piotr"]
[Black "Horse, Madera"]
[Result "1-0"]
[WhiteElo "2007"]
[BlackElo "1417"]
[PlyCount "79"]
[EventDate "2011.07.31"]
[EventType "tourn (corr)"]
[EventRounds "4"]
[EventCountry "GER"]
[SourceTitle "Telechess CBM 157"]
[Source "ChessBase"]
[SourceDate "2013.11.12"]
[SourceVersion "1"]
[SourceVersionDate "2013.11.12"]
[SourceQuality "1"]

1. d4 Nf6 2. c4 Nc6 3. Nf3 e6 4. a3 d6 5. Nc3 g6 6. e4 Bg7 7. Bd3 e5 8. dxe5 dxe5 9. h3 0-0 10. 0-0 Qd6 11. Qc2 Rd8 12. Nd5 Nxd5 13. cxd5 Nd4 14. Nxd4 exd4 15. Bd2 c6 16. Bb4 Qd7 17. Ba5 Re8 18. dxc6 bxc6 19. Bb4 a5 20. Bc5 Ba6 21. b4 Bxd3 22. Qxd3 Qc7 23. f4 axb4 24. Bxb4 c5 25. Rac1 Qe7 26. Rxc5 Qxe4 27. Qxe4 Rxe4 28. Rd5 f5 29. g4 fxg4 30. hxg4 h6 31. Kg2 Bf8 32. Kg3 Rb8 33. Bxf8 Kxf8 34. a4 Ke7 35. Rf3 Ke6 36. Rb5 Rxb5 37. axb5 Re1 38. Rb3 Rg1+ 39. Kf3 Rc1 40. b6 1-0

[Event "ZH-2011-0-00614"]
[Site "LSS email"]
[Date "2011.08.02"]
[Round "?"]
[White "Bieluszewski, Piotr"]
[Black "Meissner, Ruediger"]
[Result "1/2-1/2"]
[WhiteElo "2120"]
[BlackElo "2121"]
[PlyCount "58"]
[EventDate "2011.07.25"]
[EventType "match (corr)"]
[EventRounds "2"]
[EventCountry "GER"]
[SourceTitle "Telechess CBM 151"]
[Source "ChessBase"]
[SourceDate "2012.11.13"]
[SourceVersion "1"]
[SourceVersionDate "2012.11.13"]
[SourceQuality "1"]

1. c4 e5 2. Nc3 Nf6 3. Nf3 Nc6 4. g3 d5 5. cxd5 Nxd5 6. d3 Be7 7. Bg2 Nb6 8. a3 Be6 9. b4 0-0 10. 0-0 a5 11. b5 Nd4 12. Nd2 c6 13. bxc6 Nxc6 14. Rb1 a4 15. Nf3 Ra5 16. Qe1 Bb3 17. Be3 Nd7 18. Nd2 Nd4 19. Nxb3 axb3 20. Qd1 Bxa3 21. Ne4 b2 22. Bd2 Ra6 23. Bc3 Kh8 24. e3 Ne6 25. g4 Nec5 26. Nxc5 Nxc5 27. Bxe5 Qb6 28. Bd4 Qb5 29. Qc2 Na4 1/2-1/2

[Event "OP-2011-0-01698"]
[Site "LSS email"]
[Date "2011.08.02"]
[Round "?"]
[White "Bressia, Gustavo"]
[Black "Bieluszewski, Piotr"]
[Result "0-1"]
[WhiteElo "1615"]
[BlackElo "2007"]
[PlyCount "43"]
[EventDate "2011.07.31"]
[EventType "tourn (corr)"]
[EventRounds "4"]
[EventCountry "GER"]
[SourceTitle "Telechess CBM 157"]
[Source "ChessBase"]
[SourceDate "2013.11.12"]
[SourceVersion "1"]
[SourceVersionDate "2013.11.12"]
[SourceQuality "1"]

1. d4 d5 2. c4 c6 3. cxd5 cxd5 4. Nc3 Nc6 5. Nf3 Nf6 6. Bf4 Nh5 7. Bg5 h6 8. Be3 Nf6 9. Bf4 a6 10. e3 e6 11. Bd3 Bd6 12. Bxd6 Qxd6 13. 0-0 0-0 14. Nd2 e5 15. Nb3 e4 16. Be2 Ne7 17. Rc1 Bd7 18. Nc5 Bc8 19. Qb3 b6 20. N5a4 Rb8 21. h3 Rd8 22. Qxb6 0-1

[Event "OP-2011-0-01696"]
[Site "LSS email"]
[Date "2011.08.01"]
[Round "?"]
[White "Bieluszewski, Piotr"]
[Black "Stoelzel, Werner"]
[Result "1-0"]
[WhiteElo "2040"]
[BlackElo "1048"]
[PlyCount "39"]
[EventDate "2011.07.30"]
[EventType "tourn (corr)"]
[EventRounds "4"]
[EventCountry "GER"]
[SourceTitle "Telechess CBM 151"]
[Source "ChessBase"]
[SourceDate "2012.11.13"]
[SourceVersion "1"]
[SourceVersionDate "2012.11.13"]
[SourceQuality "1"]

1. d4 d5 2. Nf3 Nf6 3. c4 c6 4. Nc3 e6 5. Bg5 Nbd7 6. e3 Qa5 7. Nd2 dxc4 8. Bxf6 Nxf6 9. Bxc4 Be7 10. 0-0 0-0 11. Rc1 Bd7 12. e4 Qb6 13. Nb3 Rad8 14. Qe2 e5 15. dxe5 Bg4 16. Qc2 Nd7 17. Be2 Bb4 18. Bxg4 Nxe5 19. Be2 Bxc3 20. Qxc3 1-0

[Event "OP-2011-0-01696"]
[Site "LSS email"]
[Date "2011.08.01"]
[Round "?"]
[White "Boons, Lucien"]
[Black "Bieluszewski, Piotr"]
[Result "0-1"]
[WhiteElo "1238"]
[BlackElo "2040"]
[PlyCount "64"]
[EventDate "2011.07.30"]
[EventType "tourn (corr)"]
[EventRounds "4"]
[EventCountry "GER"]
[SourceTitle "Telechess CBM 151"]
[Source "ChessBase"]
[SourceDate "2012.11.13"]
[SourceVersion "1"]
[SourceVersionDate "2012.11.13"]
[SourceQuality "1"]

1. e4 c5 2. Nf3 e6 3. c4 Nc6 4. a3 e5 5. Nc3 d6 6. Be2 Nf6 7. 0-0 Be7 8. d3 0-0 9. Nd5 a5 10. Bd2 Nxd5 11. cxd5 Nd4 12. Bc3 f5 13. Qd2 f4 14. h3 Nb3 15. Qd1 Nxa1 16. Qxa1 Bf6 17. Qc1 b6 18. Bd1 Qe8 19. b4 axb4 20. axb4 Qg6 21. bxc5 bxc5 22. Kh2 Qh6 23. Ng1 g5 24. Bg4 Bxg4 25. Qd2 Bd7 26. f3 g4 27. fxg4 Bxg4 28. Qf2 Bh4 29. Qc2 Bg3+ 30. Kh1 f3 31. Be1 Bxe1 32. Rxe1 f2 0-1

[Event "NATO-ch 21st"]
[Site "Koge"]
[Date "2010.10.21"]
[Round "6"]
[White "Bieluszewski, Piotr"]
[Black "Helbig, Mark"]
[Result "1/2-1/2"]
[WhiteElo "2173"]
[BlackElo "2366"]
[PlyCount "77"]
[EventDate "2010.10.18"]
[EventType "swiss"]
[EventRounds "7"]
[EventCountry "DEN"]
[SourceTitle "EXT 2011"]
[Source "ChessBase"]
[SourceDate "2010.11.26"]
[SourceVersion "1"]
[SourceVersionDate "2010.11.26"]
[SourceQuality "1"]

1. e4 c6 2. d4 d5 3. Nd2 dxe4 4. Nxe4 Nd7 5. Nf3 Ngf6 6. Nxf6+ Nxf6 7. Be2 Bf5 8. 0-0 e6 9. c4 Bd6 10. b3 Qc7 11. Bb2 0-0-0 12. Qe1 Rhg8 13. Bc3 Ne4 14. Ba5 b6 15. c5 Bf4 16. cxb6 axb6 17. Bb4 g5 18. Bd3 g4 19. Bxe4 gxf3 20. g3 Bh3 21. Bxf3 Bxf1 22. Qxf1 Rxd4 23. Bc3 Rd7 24. Kh1 Bd2 25. Bb2 Kb8 26. Qe2 Bb4 27. Rc1 Rd2 28. Be5 Rxe2 29. Bxc7+ Kxc7 30. Bxe2 Bc5 31. Kg2 Rd8 32. Rc2 Rd4 33. a4 Kd6 34. Rc3 Ke5 35. f4+ Kd5 36. Rd3 h6 37. Bf3+ Kd6 38. Rxd4+ Bxd4 39. Bh5 1/2-1/2

[Event "POL-chT 2st League"]
[Site "Mrzezyno"]
[Date "2010.09.07"]
[Round "4.59"]
[White "Bieluszewski, Piotr"]
[Black "Siedlinski, Piotr"]
[Result "1/2-1/2"]
[WhiteElo "2153"]
[BlackElo "2000"]
[PlyCount "60"]
[EventDate "2010.09.04"]
[EventType "team-swiss"]
[EventRounds "9"]
[EventCountry "POL"]
[SourceTitle "EXT 2019"]
[Source "ChessBase"]
[SourceDate "2018.10.10"]
[SourceVersion "1"]
[SourceVersionDate "2018.10.10"]
[SourceQuality "1"]
[WhiteTeam "Torun AZS UMK"]
[BlackTeam "Jaworzno JKSz MCKiS"]
[WhiteTeamCountry "POL"]
[BlackTeamCountry "POL"]

1. e4 c5 2. Nf3 e6 3. d4 cxd4 4. Nxd4 Nf6 5. Nc3 Bb4 6. Bd3 Nc6 7. Nxc6 dxc6 8. 0-0 e5 9. Qe2 Be6 10. Nd1 0-0 11. c3 Be7 12. Ne3 Re8 13. h3 Qc7 14. b3 Rad8 15. Bb2 Nh5 16. Qxh5 Rxd3 17. Qe2 Rd7 18. Rfd1 Red8 19. Rxd7 Rxd7 20. Rd1 Bc5 21. Rxd7 Qxd7 22. Nf1 f6 23. Bc1 g5 24. Be3 Bxe3 25. Nxe3 b5 26. Kh2 Qd6 27. f3 h6 28. c4 Qd4 29. cxb5 cxb5 30. Qxb5 Qxe3 1/2-1/2

[Event "Police Gniota Memorial 25th"]
[Site "Police"]
[Date "2010.07.13"]
[Round "7"]
[White "Bieluszewski, Piotr"]
[Black "Radwan, Leszek"]
[Result "1-0"]
[WhiteElo "2173"]
[BlackElo "2138"]
[PlyCount "37"]
[EventDate "2010.07.07"]
[EventType "swiss"]
[EventRounds "9"]
[EventCountry "POL"]
[SourceTitle "EXT 2011"]
[Source "ChessBase"]
[SourceDate "2010.11.26"]
[SourceVersion "1"]
[SourceVersionDate "2010.11.26"]
[SourceQuality "1"]

1. e4 c5 2. Nf3 d6 3. d4 cxd4 4. Nxd4 Nf6 5. Nc3 a6 6. Be3 e6 7. f4 Be7 8. Bd3 Qc7 9. Qf3 Nbd7 10. 0-0-0 Nc5 11. Kb1 b5 12. Bxb5+ axb5 13. Ndxb5 Qb8 14. e5 Bb7 15. Qg3 dxe5 16. Bxc5 Bxc5 17. Qxg7 Rg8 18. Qxf6 Be7 19. Qxe5 1-0

[Event "Police Gniota Memorial 25th"]
[Site "Police"]
[Date "2010.07.07"]
[Round "1"]
[White "Bieluszewski, Piotr"]
[Black "Tomczak, Jacek"]
[Result "0-1"]
[WhiteElo "2173"]
[BlackElo "2509"]
[PlyCount "78"]
[EventDate "2010.07.07"]
[EventType "swiss"]
[EventRounds "9"]
[EventCountry "POL"]
[SourceTitle "EXT 2011"]
[Source "ChessBase"]
[SourceDate "2010.11.26"]
[SourceVersion "1"]
[SourceVersionDate "2010.11.26"]
[SourceQuality "1"]

1. e4 d5 2. exd5 Nf6 3. d4 Nxd5 4. Bd3 Nb4 5. Be4 f5 6. a3 fxe4 7. axb4 Nc6 8. c3 Qd5 9. Be3 e5 10. Ne2 Bg4 11. 0-0 exd4 12. Bxd4 Bxe2 13. Qxe2 Nxd4 14. cxd4 Bxb4 15. Nc3 Bxc3 16. bxc3 0-0 17. Rab1 Rf5 18. c4 Qxd4 19. Rfd1 Qf6 20. Rxb7 Qc6 21. Rb5 Rf6 22. Rbd5 Raf8 23. Rd8 a5 24. R1d5 a4 25. h3 a3 26. Rxf8+ Rxf8 27. Rd2 Rb8 28. Kh2 Qe6 29. Qe3 Ra8 30. Qe2 h6 31. g3 Rb8 32. Ra2 Rb3 33. Qc2 Rf3 34. Qa4 e3 35. fxe3 Qxe3 36. Rg2 Rf2 37. Qd1 Rxg2+ 38. Kxg2 Qe4+ 39. Kf2 a2 0-1

[Event "Warsaw AIG Life rapid 9th"]
[Site "Warsaw"]
[Date "2009.12.19"]
[Round "7"]
[White "Bieluszewski, Piotr"]
[Black "Muzychuk, Mariya"]
[Result "0-1"]
[WhiteElo "2164"]
[BlackElo "2447"]
[PlyCount "104"]
[EventDate "2009.12.19"]
[EventType "swiss (rapid)"]
[EventRounds "13"]
[EventCountry "POL"]
[SourceTitle "CBM 133 Extra"]
[Source "ChessBase"]
[SourceDate "2010.01.05"]
[SourceVersion "1"]
[SourceVersionDate "2010.01.05"]
[SourceQuality "1"]

1. e4 c5 2. Nf3 Nc6 3. d4 cxd4 4. Nxd4 Nf6 5. Nc3 e5 6. Ndb5 d6 7. Bg5 a6 8. Bxf6 gxf6 9. Na3 b5 10. Nd5 Bg7 11. c3 f5 12. Bd3 Ne7 13. Ne3 f4 14. Nf5 Nxf5 15. exf5 d5 16. g4 e4 17. Be2 0-0 18. Nc2 Bb7 19. Nd4 Qh4 20. Bf1 e3 21. Qf3 Rfe8 22. Be2 b4 23. 0-0 bxc3 24. bxc3 Rac8 25. Rab1 Rxc3 26. f6 Bxf6 27. Nf5 exf2+ 28. Qxf2 Qxf2+ 29. Rxf2 Bc8 30. Rd1 Bxf5 31. gxf5 Rc2 32. Bxa6 Rxf2 33. Kxf2 Ra8 34. Be2 d4 35. Bc4 Ra5 36. Rb1 Rc5 37. Bd3 Bh4+ 38. Kf3 Rc3 39. Rd1 Ra3 40. Rd2 Be1 41. Rd1 Bb4 42. f6 Kf8 43. Rb1 Rxd3+ 44. Kxf4 Bd6+ 45. Ke4 Re3+ 46. Kd5 Re6 47. a4 d3 48. a5 Bxh2 49. Rb2 Bf4 50. a6 d2 51. Rb1 Rxa6 52. Ke4 Rxf6 0-1

[Event "POL-chT 2nd League"]
[Site "Miedzyzdroje"]
[Date "2009.09.19"]
[Round "8"]
[White "Swiatnicki, Andrzej"]
[Black "Bieluszewski, Piotr"]
[Result "0-1"]
[WhiteElo "2150"]
[BlackElo "2150"]
[PlyCount "98"]
[EventDate "2009.09.12"]
[EventType "team-swiss"]
[EventRounds "9"]
[EventCountry "POL"]
[SourceTitle "EXT 2019"]
[Source "ChessBase"]
[SourceDate "2018.10.10"]
[SourceVersion "1"]
[SourceVersionDate "2018.10.10"]
[SourceQuality "1"]
[WhiteTeam "Konin Hetman"]
[BlackTeam "Torun AZS UMK"]
[WhiteTeamCountry "POL"]
[BlackTeamCountry "POL"]

1. e4 c5 2. Nf3 e6 3. c3 d5 4. e5 Nc6 5. d4 Qb6 6. Bd3 Bd7 7. 0-0 cxd4 8. cxd4 Nxd4 9. Nxd4 Qxd4 10. Qe2 Ne7 11. Kh1 Nc6 12. f4 Qb6 13. Nc3 Nb4 14. Be3 Bc5 15. Bxc5 Qxc5 16. Bb5 Bxb5 17. Nxb5 0-0 18. Rac1 Qb6 19. Rc3 Rac8 20. Rg3 g6 21. Nc3 Nc6 22. h4 Nd4 23. Qf2 Nf5 24. Rh3 Qxf2 25. Rxf2 h5 26. Kh2 a6 27. Nd1 Nh6 28. Rd2 Rc4 29. Rf3 Rfc8 30. Ne3 Re4 31. Kh3 Rc1 32. g3 Nf5 33. Nxf5 gxf5 34. Rb3 b5 35. Ra3 Rc6 36. Kg2 Rec4 37. Kf3 Kf8 38. Re3 Ke7 39. a3 Rc1 40. b4 R6c4 41. Ke2 Rh1 42. Kd3 Kd7 43. Rde2 Ra1 44. Kd2 Rcc1 45. Rb3 d4 46. Kd3 Rd1+ 47. Kc2 Kc6 48. Rd2 Rxd2+ 49. Kxd2 Kd5 0-1

[Event "POL-chT 2nd League"]
[Site "Miedzyzdroje"]
[Date "2009.09.18"]
[Round "7"]
[White "Bieluszewski, Piotr"]
[Black "Szymanowska, Lena"]
[Result "1-0"]
[WhiteElo "2150"]
[BlackElo "1944"]
[PlyCount "112"]
[EventDate "2009.09.12"]
[EventType "team-swiss"]
[EventRounds "9"]
[EventCountry "POL"]
[SourceTitle "EXT 2019"]
[Source "ChessBase"]
[SourceDate "2018.10.10"]
[SourceVersion "1"]
[SourceVersionDate "2018.10.10"]
[SourceQuality "1"]
[WhiteTeam "Torun AZS UMK"]
[BlackTeam "Olsztyn AZS UWM"]
[WhiteTeamCountry "POL"]
[BlackTeamCountry "POL"]

1. e4 e6 2. d4 d5 3. Nd2 c5 4. exd5 Qxd5 5. Ngf3 Nc6 6. Bc4 Qd8 7. dxc5 Bxc5 8. Qe2 Nf6 9. Nb3 Be7 10. Bf4 0-0 11. 0-0 Na5 12. Rad1 Qb6 13. Be3 Qc7 14. Nxa5 Qxa5 15. Bd4 a6 16. Ne5 Qc7 17. Bb3 b6 18. Nc4 b5 19. Nb6 Rb8 20. Nxc8 Rbxc8 21. Be5 Qc6 22. c3 Rfd8 23. Bd4 Nd5 24. Qf3 Qc7 25. Rfe1 Bf6 26. Bxd5 Rxd5 27. Bxf6 Rf5 28. Qd3 Rxf6 29. Qd6 h6 30. Qxa6 Qc5 31. Rf1 e5 32. Qb7 Rcc6 33. a3 e4 34. Qb8+ Kh7 35. Qg3 Qc4 36. Qe3 Rce6 37. Rd4 Qb3 38. Rd2 Qc4 39. Re1 Rg6 40. Rd4 Qa2 41. Qe2 Re5 42. g3 f5 43. Rb4 f4 44. Rxe4 Rxe4 45. Qxe4 Qxb2 46. Qxf4 Qxc3 47. Re3 Qc1+ 48. Kg2 Qc6+ 49. Qf3 Qc2 50. Rc3 Qa4 51. Rb3 Qc4 52. Rb4 Qc5 53. Qe4 Qh5 54. Qd3 Kh8 55. Rxb5 Qg4 56. Rb8+ Kh7 1-0

[Event "POL-chT 2nd League"]
[Site "Miedzyzdroje"]
[Date "2009.09.13"]
[Round "2"]
[White "Krzywda, Andrzej"]
[Black "Bieluszewski, Piotr"]
[Result "1/2-1/2"]
[WhiteElo "2149"]
[BlackElo "2150"]
[PlyCount "85"]
[EventDate "2009.09.12"]
[EventType "team-swiss"]
[EventRounds "9"]
[EventCountry "POL"]
[SourceTitle "EXT 2019"]
[Source "ChessBase"]
[SourceDate "2018.10.10"]
[SourceVersion "1"]
[SourceVersionDate "2018.10.10"]
[SourceQuality "1"]
[WhiteTeam "Chroscice LZS Victoria"]
[BlackTeam "Torun AZS UMK"]
[WhiteTeamCountry "POL"]
[BlackTeamCountry "POL"]

1. e4 c5 2. Nf3 e6 3. d4 cxd4 4. Nxd4 a6 5. Nc3 Qc7 6. Bd3 Nc6 7. Be3 Nf6 8. 0-0 Bd6 9. h3 Bf4 10. Qe2 Bxe3 11. Qxe3 d6 12. a4 0-0 13. Nb3 b6 14. f4 Bb7 15. Rae1 Nb4 16. Rf2 Nxd3 17. cxd3 d5 18. e5 Nd7 19. Nd4 Rae8 20. Rc2 Qb8 21. Qe2 g6 22. h4 f5 23. exf6 Rxf6 24. g3 Qd6 25. Nf3 Qc5+ 26. d4 Qb4 27. Qd3 Kg7 28. Ng5 Nf8 29. Nf3 Nd7 30. Rh2 Qc4 31. Qd2 b5 32. axb5 axb5 33. Nd1 b4 34. Ne3 Qb3 35. Rc1 Ba6 36. Rc7 Rf7 37. Ng5 Ne5 38. Rc2 h6 39. dxe5 hxg5 40. hxg5 Bd3 41. Rc1 Be4 42. Qd4 Ra8 43. Nf1 1/2-1/2